Plastics : how structure determines properties /
Guardado en:
| Autor Principal: | |
|---|---|
| Formato: | Libro |
| Idioma: | English |
| Publicado: |
Munich :
Hanser Publishers,
c1993.
|
| Series: | SPE books
|
| Materias: | |
| Acceso en línea: | Descripción Tabla de contenido |
| Etiquetas: |
Agregar Etiqueta
Sin Etiquetas, Sea el primero en etiquetar este registro!
|
| LEADER | 00986cam a22002655a 4500 | ||
|---|---|---|---|
| 001 | EIQ.libpla003625 | ||
| 008 | 920423s1993####gw#a#####b####001#0#eng#d | ||
| 005 | 20080220181008.0 | ||
| 245 | 1 | 0 | |a Plastics : |b how structure determines properties / |c G. Gruenwald. |
| 260 | |a Munich : |b Hanser Publishers, |c c1993. | ||
| 300 | |a xiv, 357 p. : |b il. ; |c 25 cm. | ||
| 440 | 0 | |a SPE books | |
| 500 | |a "With 123 illustrations". | ||
| 504 | |a Incluye referencias bibliográficas (p. 321) e índice. | ||
| 020 | |a 3446165207 (Hanser) | ||
| 020 | |a 0195209583 (Oxford) | ||
| 100 | 1 | |a Gruenwald, Geza. | |
| 082 | 0 | 0 | |a 620.1/923 |2 20 |
| 650 | 4 | |a Plásticos |x Estructura. | |
| 650 | 4 | |a Plastics |x Structure. | |
| 010 | |a 92053928 | ||
| 040 | |a DLC |c DLC |d AR-BbSID | ||
| 856 | 4 | 2 | |3 Descripción |u http://www.loc.gov/catdir/enhancements/fy0636/92053928-d.html |
| 856 | 4 | 1 | |3 Tabla de contenido |u http://www.loc.gov/catdir/enhancements/fy0636/92053928-t.html |
| 859 | |a AR-BbSID |b BIB. PLAPIQUI |h 620.192 3 |i G 922 |p 5414 | ||
